| 000 | 01095nam a2200217Ia 4500 | ||
|---|---|---|---|
| 001 | 10485 | ||
| 003 | GE_BSU | ||
| 008 | 181216s||||||||xx |||||||||||||| ||und|| | ||
| 040 | _cGE_BSU | ||
| 080 | _a821.353.1+821.353.1-1+821.353.1-11 | ||
| 100 | _aფშაველა, ვაჟა | ||
| 245 | _aქართული პოეზია. 15 ტომად:ტ.9. ვაჟა ფშაველა:ლექსები.პოემები | ||
| 245 | _cსარედ.კოლ.გრიგოლ აბაშიძე.ანა კალანდაძე.მ.ლებანიძე და სხვ.ტომი შეადგინა და წინასიტყვ. დაურთო თ.ჩხენკელმა.მხატვ.დ.დუნდუა.რედ.ალექსი ჭინჭარაული | ||
| 260 | _aთბილისი | ||
| 260 | _bნაკადული | ||
| 260 | _c1977 | ||
| 300 | _a536გვ.18სმ. | ||
| 300 | _cლექსიკონი გვ488-528 | ||
| 653 | _aქართული პოეზია | ||
| 942 | _cBK | ||
| 999 |
_c43740 _d43740 |
||